[Event "BCF-chT2b 0910 (4NCL)"]
[Site "England"]
[Date "2010.01.17"]
[Round "4.2"]
[White "Arkell, Keith C"]
[Black "Eckloff, Colin"]
[Result "1-0"]
[WhiteElo "2478"]
[BlackElo "2100"]
[PlyCount "39"]
[EventDate "2009.10.24"]
[EventType "team-tourn"]
[EventRounds "11"]
[EventCountry "ENG"]
[SourceTitle "EXT 2010"]
[Source "ChessBase"]
[SourceDate "2010.11.25"]
[SourceVersion "1"]
[SourceVersionDate "2010.11.25"]
[SourceQuality "1"]
[WhiteTeam "Cheddleton"]
[BlackTeam "Guildford III"]
[WhiteTeamCountry "ENG"]
[BlackTeamCountry "ENG"]

1. d4 Nf6 2. Nf3 g6 3. c4 Bg7 4. g3 0-0 5. Bg2 d6 6. 0-0 Nbd7 7. d5 a5 8. Nd4 Nc5 9. Nc3 e5 10. dxe6 fxe6 11. h3 Nfd7 12. Be3 c6 13. Na4 Qe7 14. Rc1 h6 15. Nxc5 dxc5 16. Nf3 Kh7 17. Qc2 Nb8 18. Nh4 Qf6 19. Bxc5 Rd8 20. Nxg6 1-0

[Event "BCF-chT3 0809 (4NCL)"]
[Site "Hinckley Island"]
[Date "2008.12.06"]
[Round "3.1"]
[White "Eckloff, Colin"]
[Black "Elliston, Robert V"]
[Result "0-1"]
[WhiteElo "2010"]
[BlackElo "2128"]
[PlyCount "106"]
[EventDate "2008.10.18"]
[EventType "team-swiss"]
[EventRounds "11"]
[EventCountry "ENG"]
[SourceTitle "EXT 2010"]
[Source "ChessBase"]
[SourceDate "2010.11.25"]
[SourceVersion "1"]
[SourceVersionDate "2010.11.25"]
[SourceQuality "1"]
[WhiteTeam "Guildford V"]
[BlackTeam "Sussex Smart Controls"]
[WhiteTeamCountry "ENG"]
[BlackTeamCountry "ENG"]

1. e4 d6 2. d4 Nf6 3. Nc3 c6 4. a4 Qa5 5. Bd3 e5 6. dxe5 dxe5 7. h3 b5 8. Nf3 b4 9. Ne2 Be7 10. 0-0 0-0 11. b3 Rd8 12. Qe1 Be6 13. Bb2 Nfd7 14. Nd2 Qc7 15. Nc4 f6 16. f4 Nb6 17. fxe5 Nxc4 18. Bxc4 Bxc4 19. bxc4 fxe5 20. Qg3 Bd6 21. Rf5 Nd7 22. Rd1 Nc5 23. Kh2 Nxa4 24. Ba1 Rd7 25. Qg4 Re8 26. c5 Nxc5 27. Ng3 Ne6 28. Nh5 Kh8 29. Ng3 Nd4 30. Rg5 Rf7 31. Nf5 Nxf5 32. Rxf5 Rxf5 33. Qxf5 Qe7 34. Qf3 Bc5 35. Qg4 Bd4 36. Kh1 c5 37. Rf1 h6 38. Qf3 a5 39. Qb3 Rf8 40. Rd1 Rf2 41. Bxd4 exd4 42. Kg1 Re2 43. Rf1 Rxe4 44. Qd5 Re2 45. Qa8+ Kh7 46. Qxa5 Qe4 47. Rf3 Qxc2 48. Rg3 Re7 49. Qd8 Qe4 50. Qd6 c4 51. Rg4 Qe1+ 52. Kh2 Qe5+ 53. Qxe5 Rxe5 0-1